Poderes fácticos. Captura del Estado, redes criminales y violencia en América Latina/
Furkejuvvon:
| Váldodahkki: | |
|---|---|
| Materiálatiipa: | Girji |
| Giella: | Spanish |
| Almmustuhtton: |
Ciudad de México; México:
Henrich Bὂll Stiftung
2023
|
| Fáttát: | |
| Liŋkkat: | https://mx.boell.org/sites/default/files/2022-12/web_poderes-facticos-b.pdf |
| Fáddágilkorat: |
Lasit fáddágilkoriid
Eai fáddágilkorat, Lasit vuosttaš fáddágilkora!
|
MARC
| LEADER | 00000nam a22000007a 4500 | ||
|---|---|---|---|
| 003 | cru CIDCACS/IIS | ||
| 005 | 20240109172236.0 | ||
| 008 | 240109b2022 mx ||||| |||| 00| 0 spa d | ||
| 020 | |a 978-607-88562-6-8 | ||
| 040 | |a cru CIDCACS/IIS |c cru CIDCACS/IIS | ||
| 090 | |a 02.04.02 P742p | ||
| 100 | 1 | |a Bartelt, David Danilo |9 11839 | |
| 245 | 1 | |a Poderes fácticos. |b Captura del Estado, redes criminales y violencia en América Latina/ |c David Danilo Bartelt, et. al., Coordinadores | |
| 260 | |a Ciudad de México; México: |b Henrich Bὂll Stiftung |c 2023 | ||
| 300 | |a 183 páginas | ||
| 505 | |a ÍNDICE PRESENTACIÓN • Imme Scholz INTRODUCCIÓN • Dawid D. Bartelt SOBRE LAS AUTORAS Y LOS AUTORES Primera parte: CASOS DE PAÍS Fuerzas armadas, privilegios presupuestales y corrupción en Chile • Mauricio Weibel Barahona Milicias y operaciones policiales: favoritismo político y coerción en Rio de Janeiro • Daniel Veloso Hirata, Carolina Christoph Grillo y Diogo Azevedo Lyra Redes ilícitas y captura del Estado en el norte de Centroamérica • Harald Waxenecker Despojo, acumulación y meganegocios: la tierra como botín de guerra en Colombia • Óscar Javier Parra Castellanos y Pilar Puentes Espinosa La red de macrocriminalidad en Coahuila, México • Daniel Vázquez Segunda parte: REFLEXIONES SOBRE EL FENÓMENO Notas sobre las relaciones entre mercados, poder y violencia • Vera Telles Redes ilícitas. Una aproximación al fenómeno • Helen B. Mack Poderes fácticos y violencia estatal • Ángela María Buitrago Ruiz La corrupción asesina • Ingrid Wehr CONCLUSIONES | ||
| 650 | 0 | 0 | |a CRIMEN ORGANIZADO |0 TESAUROS |2 TESAUROS |9 449 |
| 650 | 0 | 0 | |a VIOLENCIA |2 TESAUROS |9 133 |
| 650 | 0 | 0 | |a ESTADO |2 TESAUROS |9 243 |
| 650 | 0 | 7 | |2 TESAUROS |
| 650 | 0 | 7 | |2 TESAUROS |
| 651 | 0 | |a AMERICA LATINA |9 17 | |
| 856 | 4 | |u https://mx.boell.org/sites/default/files/2022-12/web_poderes-facticos-b.pdf | |
| 942 | |2 z |c LI |h <script>document.querySelector('[id^="tag_090_subfield_a"]').value</script> |i 24021 |6 SCRIPTDOCUMENTQUERYSELECTORIDTAG_090_SUBFIELD_AVALUESCRIPT_24021 | ||
| 999 | |c 45437 |d 45437 | ||



